[Event "Titled Tuesday intern op 16th Jan Early"]
[Site "Chess.com INT"]
[Date "2024.01.16"]
[Round "1"]
[White "Hansch, Karsten"]
[Black "Rodriguez Avila, Alvaro"]
[Result "1-0"]
[WhiteElo "2236"]
[BlackElo "2190"]
[PlyCount "81"]
[EventDate "2024.01.16"]
[EventType "swiss (blitz)"]
[EventRounds "11"]
[EventCountry "USA"]
[SourceTitle "CB04_2024"]
[SourceDate "2023.10.16"]
[SourceVersion "1"]
[SourceVersionDate "2023.10.16"]
[SourceQuality "1"]

1. e4 c5 2. Nf3 g6 3. c3 Bg7 4. d4 cxd4 5. cxd4 d5 6. e5 Nc6 7. Nc3 Bg4 8. Bb5 Rc8 9. 0-0 e6 10. h3 Bxf3 11. Qxf3 Nge7 12. Bg5 0-0 13. Bxc6 Rxc6 14. Bxe7 Qxe7 15. Qd3 Rfc8 16. Nb5 Bf8 17. Nxa7 Qb4 18. Nxc8 Rxc8 19. a3 Qxb2 20. Rfb1 Qc3 21. Qxc3 Rxc3 22. a4 Rc7 23. Rc1 Rd7 24. Rab1 Kg7 25. Rc8 h5 26. Rb8 Rc7 27. R8xb7 Rc4 28. Ra1 Rxd4 29. a5 Rd2 30. a6 Bc5 31. a7 Rxf2 32. a8Q Ra2+ 33. Kh1 Rxa8 34. Rxa8 Bd4 35. Rd8 Bxe5 36. Rdd7 Kh6 37. Rxf7 Kg5 38. Rbe7 d4 39. Rxe6 Bf4 40. Re4 Be3 41. Rd7 1-0

[Event "Titled Tuesday intern op 13th Sep Early"]
[Site "Chess.com INT"]
[Date "2022.09.13"]
[Round "4"]
[White "Hansch, Karsten"]
[Black "Acosta Cruz, Oscar Yosimar"]
[Result "1-0"]
[WhiteElo "2278"]
[BlackElo "2098"]
[PlyCount "73"]
[EventDate "2022.09.13"]
[EventType "swiss (blitz)"]
[EventRounds "11"]
[EventCountry "USA"]
[SourceTitle "EXT 2023"]
[Source "ChessBase"]
[SourceDate "2022.10.05"]
[SourceVersion "1"]
[SourceVersionDate "2022.10.05"]
[SourceQuality "1"]

1. e4 c6 2. d4 d5 3. e5 c5 4. Nf3 Bg4 5. dxc5 Nc6 6. Bb5 Qa5+ 7. Nc3 e6 8. Be3 Nge7 9. 0-0 a6 10. Ba4 Nf5 11. h3 Nxe3 12. fxe3 Bh5 13. g4 Bg6 14. Nd4 Qxc5 15. Nxc6 bxc6 16. Qd4 Rb8 17. h4 h6 18. h5 Bh7 19. Qf4 Bg8 20. Rab1 Be7 21. Ne2 Bg5 22. Qf3 Qxe3+ 23. Kg2 Kd7 24. c3 Rf8 25. Nd4 Bh7 26. Bxc6+ Kc7 27. Rbe1 Qxf3+ 28. Kxf3 Be4+ 29. Kg3 Bd3 30. Rf3 Be4 31. Rf2 g6 32. hxg6 Bxg6 33. Ba4 h5 34. Rh1 h4+ 35. Kh3 Be4 36. Rhf1 Bg6 37. Nxe6+ 1-0

[Event "Titled Tuesday intern op 13th Sep Early"]
[Site "Chess.com INT"]
[Date "2022.09.13"]
[Round "1"]
[White "Hansch, Karsten"]
[Black "Xiong, Jeffery"]
[Result "0-1"]
[WhiteElo "2278"]
[BlackElo "2690"]
[PlyCount "78"]
[EventDate "2022.09.13"]
[EventType "swiss (blitz)"]
[EventRounds "11"]
[EventCountry "USA"]
[SourceTitle "EXT 2023"]
[Source "ChessBase"]
[SourceDate "2022.10.05"]
[SourceVersion "1"]
[SourceVersionDate "2022.10.05"]
[SourceQuality "1"]

1. e4 c5 2. Nf3 d6 3. d4 Nf6 4. Nc3 cxd4 5. Nxd4 a6 6. Bg5 Nbd7 7. Bc4 Qb6 8. Bb3 e6 9. Bxf6 Nxf6 10. Qd2 Bd7 11. 0-0-0 Rc8 12. f4 Qc5 13. Rhe1 Bc6 14. e5 Nd5 15. Nxc6 bxc6 16. Ne4 Qb6 17. exd6 Kd7 18. c4 Nf6 19. Nxf6+ gxf6 20. Qc3 Rg8 21. f5 Qf2 22. Qxf6 Qxf5 23. Qxf5 exf5 24. c5 Rg7 25. Rf1 Re8 26. Rxf5 Re2 27. Rd2 Rxd2 28. Kxd2 Rxg2+ 29. Kc3 Bg7+ 30. Kb4 Bxb2 31. Rxf7+ Kd8 32. Rxh7 Rg5 33. Be6 Bd4 34. Rd7+ Ke8 35. Re7+ Kd8 36. Ra7 Bxc5+ 37. Kc4 Bxa7 38. h4 Rc5+ 39. Kd3 Rh5 0-1

[Event "Prague Pelikan Memorial 24th"]
[Site "Prague"]
[Date "2022.08.04"]
[Round "8"]
[White "Hogeman, Joel"]
[Black "Hansch, Karsten"]
[Result "1/2-1/2"]
[WhiteElo "2160"]
[BlackElo "2320"]
[PlyCount "50"]
[EventDate "2022.07.30"]
[EventType "tourn"]
[EventRounds "9"]
[EventCountry "CZE"]
[SourceTitle "CBM 209 Extra"]
[Source "ChessBase"]
[SourceDate "2022.09.30"]
[SourceVersion "1"]
[SourceVersionDate "2022.09.30"]
[SourceQuality "1"]

1. e4 c6 2. d4 d5 3. exd5 cxd5 4. Bd3 Nc6 5. c3 Nf6 6. Bf4 Bg4 7. Qb3 Qd7 8. Nd2 e6 9. Ngf3 Bd6 10. Bxd6 Qxd6 11. 0-0 0-0 12. Rfe1 Nd7 13. Qc2 g6 14. h3 Bxf3 15. Nxf3 Kg7 16. Qd2 Rae8 17. Rad1 f6 18. c4 Qb4 19. a3 Qxd2 20. Rxd2 Nb6 21. c5 Nd7 22. Bb1 Ndb8 23. b4 a6 24. Ba2 Na7 25. a4 Nbc6 1/2-1/2

[Event "Pardubice Czech op-A 33rd"]
[Site "Pardubice"]
[Date "2022.07.30"]
[Round "9"]
[White "Hansch, Karsten"]
[Black "Livaic, Leon"]
[Result "0-1"]
[WhiteElo "2320"]
[BlackElo "2576"]
[PlyCount "112"]
[EventDate "2022.07.22"]
[EventType "swiss"]
[EventRounds "9"]
[EventCountry "CZE"]
[SourceTitle "CBM 209 Extra"]
[Source "ChessBase"]
[SourceDate "2022.09.30"]
[SourceVersion "1"]
[SourceVersionDate "2022.09.30"]
[SourceQuality "1"]

1. e4 c5 2. Nf3 d6 3. d4 cxd4 4. Nxd4 Nf6 5. Nc3 Nc6 6. Bg5 a6 7. Qd3 Bd7 8. 0-0-0 Rc8 9. Nxc6 Bxc6 10. f4 e6 11. Be2 Be7 12. Bf3 Qc7 13. Kb1 0-0 14. g4 b5 15. Bxf6 Bxf6 16. Ne2 Bb7 17. g5 Be7 18. h4 Qc4 19. Nd4 Qxd3 20. Rxd3 Rc5 21. c3 Re8 22. Nb3 Rc7 23. Rhd1 h6 24. Rg1 hxg5 25. hxg5 g6 26. Nd2 Bc8 27. Nf1 e5 28. Ne3 exf4 29. Nd5 Rc5 30. Rd2 Kg7 31. Rh2 Bd8 32. Rgh1 Rg8 33. Rh7+ Kf8 34. Rg1 Bb7 35. Rh4 Bxd5 36. exd5 Rc4 37. Kc2 Kg7 38. b3 Rc7 39. Rxf4 Re8 40. Kd3 Re5 41. Rfg4 Rce7 42. Be4 Re8 43. c4 bxc4+ 44. bxc4 Bxg5 45. Rxg5 Rxe4 46. R5g3 Re2 47. R1g2 Rxg2 48. Rxg2 f5 49. c5 dxc5 50. Kc4 Kf6 51. Kxc5 f4 52. Kc6 Kf5 53. d6 g5 54. d7 Rd8 55. Kc7 Rxd7+ 56. Kxd7 g4 0-1

[Event "Titled Tuesday intern op 07th Jun Early"]
[Site "Chess.com INT"]
[Date "2022.06.07"]
[Round "1"]
[White "Hansch, Karsten"]
[Black "Nakamura, Hikaru"]
[Result "0-1"]
[WhiteElo "2320"]
[BlackElo "2760"]
[PlyCount "102"]
[EventDate "2022.06.07"]
[EventType "swiss (blitz)"]
[EventRounds "11"]
[EventCountry "USA"]
[SourceTitle "CBM 208 Extra"]
[Source "ChessBase"]
[SourceDate "2022.07.31"]
[SourceVersion "1"]
[SourceVersionDate "2022.07.31"]
[SourceQuality "1"]

1. e4 g6 2. d4 Bg7 3. Nc3 a6 4. a4 b6 5. Nf3 Bb7 6. Bd3 d6 7. 0-0 e6 8. Re1 h6 9. Ne2 Nd7 10. c3 e5 11. Ng3 Ngf6 12. h3 0-0 13. Be3 exd4 14. cxd4 c5 15. Qd2 Kh7 16. Rad1 Re8 17. Bf4 Qc7 18. d5 c4 19. Bc2 b5 20. h4 Ng4 21. h5 Nde5 22. Nd4 Nd3 23. hxg6+ fxg6 24. Ne6 Rxe6 25. dxe6 Nxe1 26. Qxe1 Ne5 27. axb5 axb5 28. Qb4 Re8 29. Qxd6 Qxd6 30. Rxd6 Bc8 31. Rd5 Nd3 32. Bxd3 cxd3 33. Rxb5 Rxe6 34. Rd5 Ba6 35. b4 Bc4 36. Rd7 Kg8 37. Bd2 Ra6 38. f3 Ra2 39. Nf1 Bf8 40. Rd4 Rc2 41. Ne3 Rxd2 42. Nxc4 Rd1+ 43. Kf2 Bxb4 44. Rd8+ Kg7 45. Ne5 d2 46. Nc4 h5 47. Rd7+ Kf6 48. Ne3 Bc5 49. Rd5 Ba7 50. e5+ Ke6 51. Rd3 Re1 0-1

[Event "Titled Tuesday intern op 07th Jun Early"]
[Site "Chess.com INT"]
[Date "2022.06.07"]
[Round "3"]
[White "Sjugirov, Sanan"]
[Black "Hansch, Karsten"]
[Result "1-0"]
[WhiteElo "2696"]
[BlackElo "2320"]
[PlyCount "83"]
[EventDate "2022.06.07"]
[EventType "swiss (blitz)"]
[EventRounds "11"]
[EventCountry "USA"]
[SourceTitle "CBM 208 Extra"]
[Source "ChessBase"]
[SourceDate "2022.07.31"]
[SourceVersion "1"]
[SourceVersionDate "2022.07.31"]
[SourceQuality "1"]

1. Nf3 d5 2. g3 Nf6 3. Bg2 e6 4. 0-0 Be7 5. c4 0-0 6. b3 b6 7. cxd5 Nxd5 8. Bb2 Bf6 9. d4 c5 10. e4 Nc7 11. e5 Be7 12. dxc5 Bxc5 13. Nfd2 Nd5 14. Ne4 Be7 15. Nec3 Bb7 16. Nxd5 Bxd5 17. Bxd5 Qxd5 18. Qxd5 exd5 19. Nc3 Rd8 20. Rac1 Bb4 21. Nxd5 Na6 22. Rfd1 Bc5 23. a3 Rac8 24. Kg2 Nb8 25. f4 Bf8 26. Rxc8 Rxc8 27. Rd2 Nd7 28. b4 a5 29. Kf3 axb4 30. axb4 b5 31. h4 Nb8 32. h5 h6 33. Ke3 Na6 34. Bc3 Rc4 35. Rd4 Rc6 36. Kd3 Kh7 37. f5 Rc8 38. e6 fxe6 39. fxe6 Re8 40. Re4 Bd6 41. Rg4 Rg8 42. e7 1-0

[Event "Titled Tuesday intern op 24th May Late"]
[Site "Chess.com INT"]
[Date "2022.05.24"]
[Round "1"]
[White "Grigoriants, Sergey"]
[Black "Hansch, Karsten"]
[Result "1-0"]
[WhiteElo "2547"]
[BlackElo "2315"]
[PlyCount "67"]
[EventDate "2022.05.24"]
[EventType "swiss (blitz)"]
[EventRounds "11"]
[EventCountry "USA"]
[SourceTitle "EXT 2023"]
[Source "ChessBase"]
[SourceDate "2022.10.05"]
[SourceVersion "1"]
[SourceVersionDate "2022.10.05"]
[SourceQuality "1"]

1. e4 c6 2. d4 d5 3. Nc3 dxe4 4. Nxe4 Bf5 5. Ng3 Bg6 6. h4 h6 7. Nf3 Nd7 8. Bd3 Bxd3 9. Qxd3 e6 10. Bf4 Ngf6 11. 0-0-0 Be7 12. Kb1 0-0 13. Nf1 c5 14. Qe2 cxd4 15. Nxd4 Qa5 16. Ne3 Rac8 17. g4 Nb6 18. g5 Nfd5 19. Nxd5 Nxd5 20. Bc1 Rfd8 21. gxh6 g6 22. Qf3 Bf6 23. Nb3 Qa6 24. h5 g5 25. Rhg1 Kh8 26. Bxg5 Bxb2 27. Bxd8 Nc3+ 28. Kxb2 Qxa2+ 29. Kc1 Qa3+ 30. Kd2 Rxd8+ 31. Kxc3 Rc8+ 32. Kd2 Qb4+ 33. c3 Rd8+ 34. Kc2 1-0

[Event "Titled Tuesday intern op 24th May Early"]
[Site "Chess.com INT"]
[Date "2022.05.24"]
[Round "2"]
[White "Pakleza, Zbigniew"]
[Black "Hansch, Karsten"]
[Result "1/2-1/2"]
[WhiteElo "2505"]
[BlackElo "2315"]
[PlyCount "75"]
[EventDate "2022.05.24"]
[EventType "swiss (blitz)"]
[EventRounds "11"]
[EventCountry "USA"]
[SourceTitle "EXT 2023"]
[Source "ChessBase"]
[SourceDate "2022.10.05"]
[SourceVersion "1"]
[SourceVersionDate "2022.10.05"]
[SourceQuality "1"]

1. d4 d5 2. Bf4 Nf6 3. e3 c5 4. c3 Nc6 5. Nd2 Bg4 6. Ngf3 cxd4 7. cxd4 e6 8. Qb3 Qb6 9. Qxb6 axb6 10. Bb5 Bb4 11. 0-0 Bxd2 12. Nxd2 Ke7 13. Rfc1 Rhc8 14. f3 Bf5 15. g4 Bg6 16. Kf2 Nb4 17. a3 Nd3+ 18. Bxd3 Bxd3 19. Bc7 b5 20. Rc3 b4 21. Rxd3 Rxc7 22. Ke2 Nd7 23. Rb3 bxa3 24. Raxa3 Rxa3 25. Rxa3 b6 26. Kd3 Kd6 27. h4 h5 28. gxh5 Rc8 29. Ra1 Rh8 30. Rg1 Rxh5 31. Rxg7 Ke7 32. Rg4 Nf6 33. Rf4 Rh7 34. e4 Nh5 35. Rg4 Nf6 36. Rf4 Nh5 37. Rg4 Nf6 38. Rf4 1/2-1/2

[Event "Titled Tuesday intern op 17th May Early"]
[Site "Chess.com INT"]
[Date "2022.05.17"]
[Round "1"]
[White "Babazada, Khazar Araz"]
[Black "Hansch, Karsten"]
[Result "1-0"]
[WhiteElo "2431"]
[BlackElo "2315"]
[PlyCount "55"]
[EventDate "2022.05.17"]
[EventType "swiss (blitz)"]
[EventRounds "11"]
[EventCountry "USA"]
[SourceTitle "CBM 208 Extra"]
[Source "ChessBase"]
[SourceDate "2022.07.31"]
[SourceVersion "1"]
[SourceVersionDate "2022.07.31"]
[SourceQuality "1"]

1. Nf3 c6 2. g3 d5 3. Bg2 Nf6 4. 0-0 g6 5. d3 Bg7 6. Nbd2 0-0 7. e4 dxe4 8. dxe4 Bg4 9. h3 Bxf3 10. Qxf3 Nbd7 11. Qe2 Qc7 12. f4 e5 13. f5 Rad8 14. Nc4 b5 15. Ne3 Nc5 16. Ng4 Nxg4 17. hxg4 f6 18. g5 Rd7 19. Qg4 Rdf7 20. Be3 Nd7 21. fxg6 hxg6 22. Qe6 Qc8 23. Bh3 Re8 24. Qb3 Nc5 25. Qxf7+ Kxf7 26. Bxc8 Nxe4 27. gxf6 Bf8 28. Bd7 1-0

[Event "Titled Tuesday intern op 17th May Early"]
[Site "Chess.com INT"]
[Date "2022.05.17"]
[Round "2"]
[White "Hansch, Karsten"]
[Black "Pham, Tran Gia Phuc"]
[Result "0-1"]
[WhiteElo "2315"]
[BlackElo "2011"]
[PlyCount "52"]
[EventDate "2022.05.17"]
[EventType "swiss (blitz)"]
[EventRounds "11"]
[EventCountry "USA"]
[SourceTitle "CBM 208 Extra"]
[Source "ChessBase"]
[SourceDate "2022.07.31"]
[SourceVersion "1"]
[SourceVersionDate "2022.07.31"]
[SourceQuality "1"]

1. e4 c5 2. Nf3 d6 3. Bb5+ Nd7 4. c4 Ngf6 5. Nc3 a6 6. Ba4 g6 7. 0-0 Bg7 8. d3 0-0 9. Rb1 Ne5 10. Ne1 Nc6 11. Bxc6 bxc6 12. f4 Nd7 13. Bd2 f5 14. b3 e5 15. fxe5 Nxe5 16. Qe2 fxe4 17. Nxe4 Bg4 18. Nf3 Nxf3+ 19. gxf3 Bf5 20. Bf4 d5 21. Nf2 Bd4 22. Bh6 Re8 23. Qd2 Qh4 24. Bg5 Qh5 25. h4 Qxf3 26. Rbe1 Bh3 0-1

[Event "Titled Tuesday intern op 17th May Early"]
[Site "Chess.com INT"]
[Date "2022.05.17"]
[Round "5"]
[White "Hansch, Karsten"]
[Black "Tanenbaum, Zachary Chen"]
[Result "1-0"]
[WhiteElo "2315"]
[BlackElo "2160"]
[PlyCount "65"]
[EventDate "2022.05.17"]
[EventType "swiss (blitz)"]
[EventRounds "11"]
[EventCountry "USA"]
[SourceTitle "CBM 208 Extra"]
[Source "ChessBase"]
[SourceDate "2022.07.31"]
[SourceVersion "1"]
[SourceVersionDate "2022.07.31"]
[SourceQuality "1"]

1. e4 e5 2. Nf3 Nc6 3. Bc4 Nf6 4. d3 Be7 5. Bg5 0-0 6. Nc3 d6 7. 0-0 Na5 8. Bxf6 Bxf6 9. Nd5 c6 10. Ne3 Nxc4 11. dxc4 g6 12. Qd3 Be6 13. Rad1 Be7 14. b3 f5 15. c5 d5 16. exd5 e4 17. Qc3 Bf6 18. Nd4 Bxd5 19. Qb4 Qe7 20. Nxd5 cxd5 21. Nb5 a5 22. Qa3 Rfd8 23. Nd6 d4 24. Qa4 Qe6 25. Nxb7 Rd5 26. c6 e3 27. Rfe1 f4 28. c7 exf2+ 29. Kxf2 Bh4+ 30. Kf1 Bxe1 31. Rxe1 Qf7 32. Qc6 Rc8 33. Nd6 1-0

[Event "Titled Tuesday intern op 17th May Early"]
[Site "Chess.com INT"]
[Date "2022.05.17"]
[Round "6"]
[White "Hua, Lefong"]
[Black "Hansch, Karsten"]
[Result "1-0"]
[WhiteElo "2305"]
[BlackElo "2315"]
[PlyCount "69"]
[EventDate "2022.05.17"]
[EventType "swiss (blitz)"]
[EventRounds "11"]
[EventCountry "USA"]
[SourceTitle "CBM 208 Extra"]
[Source "ChessBase"]
[SourceDate "2022.07.31"]
[SourceVersion "1"]
[SourceVersionDate "2022.07.31"]
[SourceQuality "1"]

1. d4 d5 2. c4 e6 3. Nc3 Be7 4. cxd5 exd5 5. Bf4 Nf6 6. e3 c6 7. Bd3 Nbd7 8. h3 0-0 9. Nf3 Re8 10. Qc2 Nf8 11. 0-0 Bd6 12. Bxd6 Qxd6 13. Rab1 Qe7 14. b4 a6 15. a4 Ne4 16. b5 axb5 17. axb5 Bf5 18. bxc6 bxc6 19. Bxe4 Bxe4 20. Nxe4 dxe4 21. Ne5 c5 22. Qxe4 f6 23. Qd5+ Qe6 24. Qxe6+ Rxe6 25. Nf3 cxd4 26. Nxd4 Re7 27. Rfc1 Rae8 28. Rb6 Ne6 29. Nf5 Rd7 30. g4 Ng5 31. Kg2 Red8 32. Rbc6 Nf7 33. Rc7 Nd6 34. Rxd7 Rxd7 35. Rd1 1-0

[Event "Titled Tuesday intern op 10th May Early"]
[Site "Chess.com INT"]
[Date "2022.05.10"]
[Round "6"]
[White "Aldokhin, Ivan"]
[Black "Hansch, Karsten"]
[Result "1-0"]
[WhiteElo "2413"]
[BlackElo "2315"]
[PlyCount "53"]
[EventDate "2022.05.10"]
[EventType "swiss (blitz)"]
[EventRounds "11"]
[EventCountry "USA"]
[SourceTitle "CBM 208 Extra"]
[Source "ChessBase"]
[SourceDate "2022.07.31"]
[SourceVersion "1"]
[SourceVersionDate "2022.07.31"]
[SourceQuality "1"]

1. e4 c6 2. Nc3 d5 3. Nf3 Bg4 4. Be2 e6 5. h3 Bxf3 6. Bxf3 Nf6 7. 0-0 Be7 8. d4 dxe4 9. Nxe4 Nxe4 10. Bxe4 Nd7 11. c3 Nf6 12. Bf3 0-0 13. Qe2 Qb6 14. Bf4 Rfd8 15. Rfb1 a5 16. b3 Nd5 17. Bd2 Bf6 18. a3 c5 19. c4 Bxd4 20. cxd5 Bxa1 21. Rxa1 Qxb3 22. Qe3 Qb2 23. Bc3 Qc2 24. Be4 Qa4 25. Qg5 f6 26. Bxf6 Rd7 27. dxe6 1-0

[Event "Titled Tuesday intern op 10th May Early"]
[Site "Chess.com INT"]
[Date "2022.05.10"]
[Round "4"]
[White "Hansch, Karsten"]
[Black "Zaksaite, Salomeja"]
[Result "1-0"]
[WhiteElo "2315"]
[BlackElo "2215"]
[PlyCount "81"]
[EventDate "2022.05.10"]
[EventType "swiss (blitz)"]
[EventRounds "11"]
[EventCountry "USA"]
[SourceTitle "CBM 208 Extra"]
[Source "ChessBase"]
[SourceDate "2022.07.31"]
[SourceVersion "1"]
[SourceVersionDate "2022.07.31"]
[SourceQuality "1"]

1. e4 c5 2. Nf3 e6 3. b3 b6 4. Bb2 Bb7 5. Bc1 Bxe4 6. Bb2 Nf6 7. d4 Nc6 8. Nbd2 Bg6 9. Bb5 cxd4 10. Nxd4 Nxd4 11. Bxd4 Be7 12. 0-0 0-0 13. Nf3 Qc7 14. Rc1 Ba3 15. Bxf6 Bxc1 16. Be5 Qc5 17. c4 Ba3 18. Qxd7 a6 19. Ba4 Qc8 20. Qxc8 Rfxc8 21. Bd4 Bc5 22. Bxc5 Rxc5 23. Nd2 b5 24. b4 Re5 25. Bb3 bxc4 26. Nxc4 Re2 27. Rd1 Bc2 28. Bxc2 Rxc2 29. Nb6 Rb8 30. a3 g6 31. Na4 Ra2 32. Nc5 Rxa3 33. h4 Rxb4 34. Rd8+ Kg7 35. Ra8 Rb1+ 36. Kh2 a5 37. g4 g5 38. hxg5 Rb2 39. Kg2 Raa2 40. Ne4 Kg6 41. Rg8# 1-0

[Event "Titled Tuesday intern op 03rd May Early"]
[Site "Chess.com INT"]
[Date "2022.05.03"]
[Round "2"]
[White "Hansch, Karsten"]
[Black "Terry, Renato"]
[Result "0-1"]
[WhiteElo "2315"]
[BlackElo "2504"]
[PlyCount "58"]
[EventDate "2022.05.03"]
[EventType "swiss (blitz)"]
[EventRounds "11"]
[EventCountry "USA"]
[SourceTitle "CBM 208 Extra"]
[Source "ChessBase"]
[SourceDate "2022.07.31"]
[SourceVersion "1"]
[SourceVersionDate "2022.07.31"]
[SourceQuality "1"]

1. e4 e6 2. d4 d5 3. e5 c5 4. c3 Qb6 5. Nf3 Bd7 6. Be2 cxd4 7. cxd4 Bb5 8. Nc3 Bxe2 9. Nxe2 Bb4+ 10. Bd2 Nc6 11. 0-0 Bxd2 12. Qxd2 Nge7 13. a3 Na5 14. b4 Nb3 15. Qg5 Nxa1 16. Qxg7 Rg8 17. Qxh7 Qa6 18. Nf4 Nb3 19. Nh5 0-0-0 20. Qxf7 Nf5 21. Nf4 Nfxd4 22. Nxd4 Nxd4 23. Rc1+ Kb8 24. h4 Qb6 25. a4 Rdf8 26. Qh7 Rh8 27. Qg7 Qd8 28. Ng6 Ne2+ 29. Kf1 Nxc1 0-1

[Event "Titled Tuesday intern op 29th Dec"]
[Site "Chess.com INT"]
[Date "2020.12.29"]
[Round "2"]
[White "Acor, Corey B"]
[Black "Hansch, Karsten"]
[Result "1-0"]
[WhiteElo "2223"]
[BlackElo "2300"]
[PlyCount "155"]
[EventDate "2020.12.29"]
[EventType "swiss (blitz)"]
[EventRounds "11"]
[EventCountry "USA"]
[SourceTitle "CBM 200 Extra"]
[Source "ChessBase"]
[SourceDate "2021.03.31"]
[SourceVersion "1"]
[SourceVersionDate "2021.03.31"]
[SourceQuality "1"]

1. e4 c5 2. Nc3 d6 3. g3 Nc6 4. Bg2 g6 5. d3 Bg7 6. Be3 Rb8 7. Nf3 b5 8. d4 b4 9. Ne2 cxd4 10. Nexd4 Bb7 11. 0-0 Nf6 12. Nxc6 Bxc6 13. e5 Nd5 14. Bxa7 Ra8 15. Bd4 0-0 16. exd6 Qxd6 17. Bxg7 Kxg7 18. Qd4+ f6 19. Rfd1 Rfd8 20. Nd2 Qc7 21. Ne4 Nc3 22. bxc3 Rxd4 23. cxd4 Bd5 24. Nc5 Qc6 25. Bh3 Rxa2 26. Rxa2 Bxa2 27. Ra1 Bf7 28. Bg2 Bd5 29. Ra6 Bxg2 30. Rxc6 Bxc6 31. Na6 e5 32. dxe5 fxe5 33. Nxb4 Bb7 34. Kf1 Kf6 35. Ke2 Kf5 36. Ke3 g5 37. c4 h5 38. c5 Kg4 39. c6 Bc8 40. Nd3 Kf5 41. Nc5 Kg4 42. Ne4 Be6 43. c7 h4 44. gxh4 gxh4 45. h3+ Kh5 46. Nd6 Bxh3 47. c8Q Bxc8 48. Nxc8 Kg4 49. Nd6 h3 50. Ne4 h2 51. Ng3 Kh3 52. Kf3 Kh4 53. Kg2 Kg4 54. Kxh2 Kf3 55. Kg1 e4 56. Nf1 Kg4 57. Ne3+ Kf3 58. Nf1 Kg4 59. Nd2 Kf4 60. Nc4 Kf3 61. Kf1 Kf4 62. Ke2 Kg4 63. Ke3 Kf5 64. Nd6+ Ke5 65. Nxe4 Kf5 66. f4 Ke6 67. Ng3 Kf6 68. Ke4 Ke6 69. f5+ Kf6 70. Kf4 Kf7 71. Ke5 Ke7 72. f6+ Kf7 73. Kf5 Kf8 74. Ke6 Ke8 75. f7+ Kf8 76. Ne4 Kg7 77. Ke7 Kg6 78. f8Q 1-0